| 000 | 00537pam a2200217 a 4500 | ||
|---|---|---|---|
| 001 | 898331 | ||
| 005 | 20180214033243.0 | ||
| 008 | 810623s1982 nyua b 001 0 eng | ||
| 010 | _a 81011635 | ||
| 020 | _a0471081752 | ||
| 040 |
_aDLC _cDLC _dDLC |
||
| 041 | _aeng | ||
| 080 | _a658.1552 | ||
| 082 | 0 | 0 |
_a658.1552 STE _219 |
| 100 | 1 | _a54 | |
| 101 | _aLID | ||
| 245 | 1 | 0 |
_aCost estimating / _cRodney D. Stewart. |
| 504 | _aBibliography: p. 263-264. | ||
| 906 |
_a7 _bcbc _corignew _d1 _eocip _f19 _gy-gencatlg |
||
| 942 |
_2ddc _cBK |
||
| 999 |
_c42444 _d42444 |
||